En el tiempo de la bala y la salamandra / (Record no. 182546)

MARC details
000 -LEADER
campo de control de longitud fija 00801nam a2200241 i 4500
001 - NÚMERO DE CONTROL
campo de control 182546
003 - IDENTIFICADOR DE NÚMERO DE CONTROL
campo de control ES-MaACL
005 - FECHA Y HORA DE LA ÚLTIMA TRANSACCIÓN
campo de control 20250831060720.0
008 - DATOS DE LONGITUD FIJA--INFORMACIÓN GENERAL
campo de control de longitud fija 130916s2012 sp |||| | spa d
020 ## - NÚMERO INTERNACIONAL ESTÁNDAR DEL LIBRO
Número Internacional Estándar del Libro 978-84-940625-2-0
100 0# - ENTRADA PRINCIPAL--NOMBRE DE PERSONA
Nombre de persona Carrillo, Vladimir.
9 (RLIN) 35767
245 10 - MENCIÓN DEL TÍTULO
Título En el tiempo de la bala y la salamandra /
Mención de responsabilidad, etc. Vladimir Carrrillo ; [prólogo de Ignacio Merino].
260 ## - PUBLICACIÓN, DISTRIBUCIÓN, ETC.
Lugar de publicación, distribución, etc. [Madrid] :
Nombre del editor, distribuidor, etc. Atanor,
Fecha de publicación, distribución, etc. 2012.
300 ## - DESCRIPCIÓN FÍSICA
Extensión 477 p. :
Otras características físicas il. ;
Dimensiones 23 cm.
490 1# - MENCIÓN DE SERIE
Mención de serie Atanor documentos
600 14 - PUNTO DE ACCESO ADICIONAL DE MATERIA--NOMBRE DE PERSONA
Nombre de persona Torres, Gilberto.
9 (RLIN) 153429
650 04 - PUNTO DE ACCESO ADICIONAL DE MATERIA--TÉRMINO DE MATERIA
Término de materia o nombre geográfico como elemento de entrada Terrorismo de Estado-
Subdivisión geográfica Colombia
9 (RLIN) 17510
700 1# - ENTRADA AGREGADA--NOMBRE PERSONAL
Nombre de persona Merino, Ignacio.
9 (RLIN) 80516
830 0# - PUNTO DE ACCESO ADICIONAL DE SERIE-TÍTULO UNIFORME
Título uniforme Atanor documentos
9 (RLIN) 191761
852 ## - LOCALIZACIÓN
Ubicación ES-MaACL
Número de control de estantería A-12926
itemnumber 189459
Sublocalización o colección R.149060
Ubicación en estantería Depósito 1
Signatura antigua Olim: N-5926
942 ## - ELEMENTOS DE ENTRADA SECUNDARIOS (KOHA)
Fuente del sistema de clasificación o colocación Clasificación decimal universal
Tipo de ítem Koha Libro impreso
Holdings
Estatus retirado Estado de pérdida Fuente del sistema de clasificación o colocación Estado de daño No para préstamo Biblioteca de origen Biblioteca actual Ubicación en estantería Fecha de adquisición Fuente de adquisición Total de préstamos Signatura topográfica completa Código de barras Visto por última vez Precio de reemplazo Tipo de ítem Koha
    Clasificación decimal universal     Biblioteca del Ateneo de Madrid Biblioteca del Ateneo de Madrid Depósito 1 16/09/2013 Donación   A-12926 1191838 23/02/2023 23/02/2023 Libro impreso